00524nam a2200109Ia 4500008004100000050002400041100003000065245018500095260008600280300003300366521001500399140724s9999 xx 000 0 und d aNC 997b.At872 2013 aAtienza, Jireh Ephraim M. 2aA promotional Video that incorprorates motion graphics and typography animation for Southville International School and Colleges Multimedia Arts Course /cJireh Ephraim M. Atienza. aLas Piñas, Philippines :bSouthville International School and Colleges,cc2013. a67 p. :bcol. ill. ;c28 cm. aMedia Arts